000 00519nam a2200181Ia 4500
999 _c16339
_d16339
003 OSt
005 20200606115911.0
008 190216s9999||||xx |||||||||||||| ||und||
020 _a8188457086
040 _cMESKC library
082 _a360
_bMIS/V
100 _aMishra, Vinod Kumar
_9307
245 0 _aVikalangon Ke Adhikaar /
_cVinod Kumar Mishra
260 _bKalyani Shiksha Parishad,
_aNew Delhi:
_c2003.
300 _a176p
650 _aHindi
942 _cBK
_2ddc
_h360
_iMIS/V
_k360
_mMIS/V